| 000 | 01659nam a2200385 a 4500 | ||
|---|---|---|---|
| 001 | 0000313 | ||
| 003 | DO-SdBNP | ||
| 005 | 20180306113056.0 | ||
| 007 | 0000313 | ||
| 008 | 150130s2014 dr abc 000 0 spa d | ||
| 020 | _a9789945495186 | ||
| 040 |
_aBPMSU _bspa _cBPMSU |
||
| 092 |
_a372.83 _bH557c, 6to. 2014 |
||
| 100 | 1 | _aHernández Grullón, Alejandro | |
| 245 | 1 | 0 |
_aCiencias sociales 6 : _beducación básica / _cAlejandro Hernández Grullón, Juan Ricardo Hernández; actualización Danilda Pérez |
| 250 | _aedición actualizada y revisada 2014 | ||
| 260 |
_aSanto Domingo : _bActualidad Escolar 2000, _c2013. |
||
| 300 |
_a198 p. : _bil., mapas, retrs. ; _c28 cm. |
||
| 500 | _aEste libro ha sido realizado de acuerdo al curriculum vigente y ha sido sometido a la evaluación a aprovación del MINERD | ||
| 500 | _aEdición revisada y actualizada al 2013. | ||
| 500 | _aSexto grado, segundo ciclo, educación básica | ||
| 504 | _aBibliografia p: 198 | ||
| 505 | 1 |
_tColonización de América, África y Asia-- _tColonización de la Hispaniola -- _tLas revoluciones burguesas -- _tEl movimiento antiesclavista en América -- _tLa independencia de las colonias americanas. |
|
| 650 | 4 |
_aCIENCIAS SOCIALES _xENSEÑANZA BÁSICA |
|
| 650 |
_aCIENCIAS SOCIALES _xEDUCACIÓN PRIMARIA |
||
| 650 |
_aEDUCACIÓN PRIMARIA _xREPÚBLICA DOMINICANA |
||
| 650 |
_aCIENCIAS SOCIALES _xLIBROS DE TEXTOS |
||
| 650 | 4 |
_aCIENCIAS SOCIALES _xESTUDIOS Y EJERCICIOS |
|
| 700 | 1 | 2 | _aHernández, Juan Ricardo |
| 700 | 1 | 2 | _aPérez, Danilda |
| 910 | _a00144 | ||
| 942 |
_2ddc _cBK |
||
| 945 | _aRemanejado para la BNPHU / 2018 VM | ||
| 956 |
_aYLOCKWARD _b10 |
||
| 999 |
_c9858 _d9858 |
||